000 00321nam a22001217a 4500
008 181220b xxu||||| |||| 00| 0 eng d
041 _aeng
080 _a573
100 _a11
101 _aBIO
245 _aElementary Statistics with applications in Medicine and the Biological Sciences
_cCroxton,F.E
942 _2udc
_cBK
999 _c53536
_d53536